00630nam a2200169 a 4500008004100000020001500041100002700056245018900083260004700272300002000319504004100339650002700380651002600407003000100433005001700434040000900451  a99643023551 aAgyeman, Dominic Kofi.10aContinuity and change in Africa :bthe paradox of development : an inaugural lecture delivered on 28th October 1992 at the University of Cape Coast, Cape Coast /cDominic Kofi Agyeman. aAccra :bGhana Universities Press, c1996. a24 p. ;c21 cm. aIncludes bibliographical references. 0aSocial changezAfrica. 0aAfricaxCivilization.20230123133254.0 cNUST